Estatísticas para Quiz do Uruguai

Clique aqui para jogar o quiz

Estatísticas Gerais

  • Esse quiz foi jogado 1 417 vezes
  • A pontuação média é 12 de 15

Estatísticas das Respostas

DicaResposta% Correto
Língua oficialEspanhol
98%
País no oeste do UruguaiArgentina
96%
O Uruguai fazia parte deste país antes de 1828Brasil
96%
CapitalMontevidéu
96%
Moeda oficialPeso
95%
Lema nacionalLiberdade ou {Morte}
85%
Em 2013, o Uruguai tornou-se o primeiro país a completamente legalizar istoCannabis
84%
Item na bandeira{Sol} de maio
82%
O Uruguai tem 3,42 desses animais para cada pessoa,
a maior proporção de qualquer país do mundo
Vacas
79%
Evento vencido pelo Uruguai em 1930 e 1950Copa do Mundo FIFA
73%
Nome do Uruguai quando fazia parte do país acimaCisplatina
68%
Uruguai está dentro desta região fértil de pastagensPampa
67%
De 1860 a 1914, mais de 200.000 imigrantes chegaram deste paísItália
61%
Rio que forma a fronteira oeste do UruguaiRio Uruguai
50%
Nome oficial do UruguaiRepública {Oriental}
do Uruguai
40%

Distribuição das Pontuações

Percentil de Números Respondidos

Porcentagem de Pessoas com Cada Pontuação

Sua Pontuação Histórica

Você não jogou esse quiz